[Event "II Weekend A"]
[Site "Biella ITA"]
[Date "2011.09.25"]
[Round "5"]
[White "Aghayev, Miragha"]
[Black "Gallucci, Alessio"]
[Result "1/2-1/2"]
[WhiteElo "2112"]
[BlackElo "2227"]
[PlyCount "20"]
[EventDate "2011.09.23"]

1. d4 d5 2. c4 c6 3. Nf3 Nf6 4. Nc3 Nbd7 5. e3 g6 6. b3 Bg7 7. Bd3 O-O 8. O-O
Re8 9. Bb2 a6 10. e4 dxe4 1/2-1/2

[Event "II Weekend A"]
[Site "Biella ITA"]
[Date "2011.09.25"]
[Round "5"]
[White "Angelini, Marco"]
[Black "Cossar, Claudio"]
[Result "1/2-1/2"]
[WhiteElo "2200"]
[BlackElo "2062"]
[PlyCount "75"]
[EventDate "2011.09.23"]

1. e4 d5 2. exd5 Qxd5 3. Nc3 Qa5 4. d4 e5 5. dxe5 Nc6 6. f4 Bb4 7. Bd2 Bf5 8.
Nf3 O-O-O 9. Bd3 Bxd3 10. cxd3 Rxd3 11. Qe2 Rd7 12. O-O Nge7 13. a3 Bxc3 14.
Bxc3 Qb6+ 15. Kh1 Nf5 16. e6 fxe6 17. Qxe6 Ncd4 18. Nxd4 Nxd4 19. Qh3 Rhd8 20.
Qxh7 g6 21. Qh3 Nf5 22. Rae1 Rd3 23. Rf3 Rd1 24. Rff1 R1d3 25. Qg4 Kb8 26. Rd1
Qc6 27. Rxd3 Rxd3 28. Re1 b6 29. Qe2 Re3 30. Qd2 Qe4 31. Rg1 Re2 32. Qd8+ Kb7
33. Qg5 Ne3 34. Qg3 Nd5 35. Be5 Re3 36. Qf2 g5 37. Rf1 gxf4 38. Bg7 1/2-1/2

[Event "II Weekend A"]
[Site "Biella ITA"]
[Date "2011.09.25"]
[Round "5"]
[White "Brunello, Marina"]
[Black "Finocchiaro, Gianluca"]
[Result "1-0"]
[WhiteElo "2215"]
[BlackElo "2108"]
[PlyCount "97"]
[EventDate "2011.09.23"]

1. e4 Nc6 2. Nf3 d5 3. exd5 Qxd5 4. Nc3 Qa5 5. Be2 Bg4 6. O-O Nf6 7. d3 O-O-O
8. Be3 h6 9. a3 Qf5 10. b4 e5 11. Nd2 Bxe2 12. Qxe2 Nd4 13. Qd1 g5 14. Nce4
Nxe4 15. Nxe4 Qd7 16. c3 Ne6 17. Qf3 Nf4 18. Bxf4 gxf4 19. Rfd1 f5 20. Nc5 Bxc5
21. bxc5 Qd5 22. Qh5 Qxc5 23. Qxf5+ Kb8 24. d4 Qxc3 25. dxe5 Qxa3 26. Qxf4 Qb3
27. Re1 Qe6 28. Qe3 a6 29. Reb1 Rhg8 30. f4 h5 31. Qe2 Ka7 32. Rb2 h4 33. Qf2+
b6 34. Qxh4 Qc4 35. Qf2 c5 36. Rab1 Qa4 37. e6 Rd4 38. Rf1 Rg4 39. g3 Rdxf4 40.
Qxf4 Rxf4 41. gxf4 Qd4+ 42. Rbf2 c4 43. f5 Qg4+ 44. Rg2 Qd4+ 45. Kh1 Qd3 46.
Re1 Qc3 47. Reg1 Qe5 48. e7 Qe4 49. e8=Q 1-0

[Event "II Weekend A"]
[Site "Biella ITA"]
[Date "2011.09.25"]
[Round "5"]
[White "Gagliardi, Christian"]
[Black "Stella, Andrea"]
[Result "1/2-1/2"]
[WhiteElo "2253"]
[BlackElo "2447"]
[PlyCount "28"]
[EventDate "2011.09.23"]

1. e4 c5 2. Nf3 d6 3. d4 cxd4 4. Nxd4 Nf6 5. Nc3 a6 6. Be2 e5 7. Nb3 Be7 8. O-O
O-O 9. Kh1 b6 10. f4 Bb7 11. Bf3 Nbd7 12. a4 Rc8 13. Qe1 Re8 14. f5 Bf8 1/2-1/2

[Event "II Weekend A"]
[Site "Biella ITA"]
[Date "2011.09.25"]
[Round "5"]
[White "Giretti Kanev, Jasen"]
[Black "Attuati, Stefano"]
[Result "0-1"]
[WhiteElo "2205"]
[BlackElo "1977"]
[PlyCount "76"]
[EventDate "2011.09.23"]

1. Nf3 e6 2. c4 f5 3. Nc3 Nf6 4. d4 d5 5. Bg5 c6 6. e3 Bd6 7. Ne5 O-O 8. Bd3
Qe8 9. O-O Bxe5 10. dxe5 Ng4 11. Bf4 Nd7 12. cxd5 exd5 13. Bxf5 Rxf5 14. Qxg4
Nxe5 15. Bxe5 Rxe5 16. Qg3 Qh5 17. f4 Re7 18. Rae1 Bf5 19. Ne2 Re6 20. Qg5 Qxg5
21. fxg5 Re5 22. Nd4 Bd3 23. Rf4 Rae8 24. Kf2 Rxg5 25. Nf3 Rf5 26. Ra4 a6 27.
Kg3 Be4 28. Rb4 Re7 29. a4 Ref7 30. Rf1 g5 31. a5 g4 32. Kxg4 Rg7+ 33. Kh4 Rxg2
34. Rg1 Rh5+ 35. Kxh5 Bxf3+ 36. Kh4 Rxg1 37. Rxb7 Rg4+ 38. Kh3 h5 0-1

[Event "II Weekend A"]
[Site "Biella ITA"]
[Date "2011.09.25"]
[Round "5"]
[White "Naumkin, Igor"]
[Black "Dgebuadze, Alexandre"]
[Result "0-1"]
[WhiteElo "2473"]
[BlackElo "2544"]
[PlyCount "60"]
[EventDate "2011.09.23"]

1. d4 Nf6 2. Nf3 e6 3. c4 c5 4. d5 exd5 5. cxd5 d6 6. Nc3 a6 7. a4 g6 8. e4 Bg4
9. Be2 Bg7 10. O-O O-O 11. h3 Bxf3 12. Bxf3 Nbd7 13. Bg5 Re8 14. Qd2 Qc7 15.
Rae1 Rab8 16. Bd1 b5 17. Bc2 b4 18. Nd1 c4 19. f4 Qc5+ 20. Kh2 Nb6 21. f5 Nbd7
22. Nf2 c3 23. bxc3 Qxc3 24. Qd1 b3 25. Bb1 Qb4 26. g4 Qxa4 27. Bf4 Qa3 28. Kg2
b2 29. Bh2 gxf5 30. exf5 Qc5 0-1

[Event "II Weekend A"]
[Site "Biella ITA"]
[Date "2011.09.25"]
[Round "5"]
[White "Pepino, Enrico"]
[Black "Mazzetta, Renato"]
[Result "1/2-1/2"]
[WhiteElo "2168"]
[BlackElo "1925"]
[PlyCount "22"]
[EventDate "2011.09.23"]

1. d4 d5 2. Nf3 Nf6 3. c4 c6 4. g3 Nbd7 5. Qc2 e6 6. Bg2 Be7 7. O-O O-O 8. Rd1
Qc7 9. Nbd2 Re8 10. b3 e5 11. dxe5 Nxe5 1/2-1/2

[Event "II Weekend A"]
[Site "Biella ITA"]
[Date "2011.09.25"]
[Round "5"]
[White "Pienabarca, Nicola"]
[Black "Zanetti, Alberto"]
[Result "1/2-1/2"]
[WhiteElo "2106"]
[BlackElo "2167"]
[PlyCount "42"]
[EventDate "2011.09.23"]

1. d4 Nf6 2. Nf3 e6 3. g3 c5 4. Bg2 Nc6 5. O-O Be7 6. dxc5 Bxc5 7. c4 O-O 8.
Nc3 d5 9. Bg5 d4 10. Ne4 Be7 11. Bxf6 gxf6 12. Qc1 f5 13. Neg5 Bf6 14. Nh3 e5
15. Qh6 Bg7 16. Qh5 Qf6 17. Nh4 h6 18. Rad1 Be6 19. Bd5 Rad8 20. Bxe6 fxe6 21.
g4 fxg4 1/2-1/2

[Event "II Weekend A"]
[Site "Biella ITA"]
[Date "2011.09.25"]
[Round "5"]
[White "Rambaldi, Francesco"]
[Black "Genocchio, Daniele"]
[Result "0-1"]
[WhiteElo "2176"]
[BlackElo "2432"]
[PlyCount "180"]
[EventDate "2011.09.23"]

1. d4 Nf6 2. c4 e6 3. Nc3 Bb4 4. f3 d5 5. a3 Be7 6. e4 c5 7. e5 Nfd7 8. cxd5
exd5 9. Be3 cxd4 10. Bxd4 Nc6 11. f4 Nxd4 12. Qxd4 Bc5 13. Qd2 O-O 14. Nf3 Nb6
15. b3 a5 16. Be2 Qe7 17. Nb5 f6 18. exf6 Rxf6 19. Nfd4 Bg4 20. h3 Bxe2 21.
Qxe2 Re8 22. Qxe7 Rxe7+ 23. Kd2 Rxf4 24. Nf3 a4 25. Rab1 axb3 26. Rxb3 Nc4+ 27.
Kc1 Re2 28. Nc3 Be3+ 29. Kb1 Rxg2 30. Ne1 Rd2 31. Nc2 Rxc2 32. Kxc2 Rf2+ 33.
Kb1 Nd2+ 34. Kc2 Nc4+ 35. Kb1 Nd2+ 36. Kc2 Nxb3+ 37. Kxb3 d4 38. Nd5 Kf7 39.
Kc4 Ke6 40. Rb1 Rc2+ 41. Kd3 Rh2 42. Nxe3 dxe3 43. Rxb7 Kf6 44. Rb6+ Kg5 45.
Rb7 Kh6 46. Rb6+ g6 47. Re6 Rxh3 48. Rxe3 Rh1 49. Re5 Rh3+ 50. Re3 Rh1 51. Re5
g5 52. Ke4 Kh5 53. Ra5 Kg4 54. Ke3 h5 55. Kf2 Rh2+ 56. Kg1 Ra2 57. Kh1 Rf2 58.
Rc5 Ra2 59. Rc3 Kh4 60. Rb3 g4 61. Kg1 g3 62. Rb4+ Kh3 63. Rb1 Rxa3 64. Kh1 Kg4
65. Kg2 Ra2+ 66. Kh1 Rf2 67. Rb4+ Rf4 68. Rb3 h4 69. Rb8 h3 70. Rg8+ Kf3 71.
Rb8 Re4 72. Rf8+ Ke2 73. Rg8 Re3 74. Rh8 Kf3 75. Rf8+ Ke4 76. Re8+ Kd4 77. Rd8+
Kc5 78. Rc8+ Kd6 79. Rd8+ Kc7 80. Rd1 Kc6 81. Rc1+ Kd5 82. Rd1+ Kc4 83. Rc1+
Kd3 84. Ra1 Kd2 85. Ra2+ Kc1 86. Ra1+ Kc2 87. Kg1 Rd3 88. Ra2+ Kb1 89. Rf2
gxf2+ 90. Kh2 Rf3 0-1

[Event "II Weekend A"]
[Site "Biella ITA"]
[Date "2011.09.25"]
[Round "5"]
[White "Solodovnichenko, Yuri"]
[Black "Brunello, Sabino"]
[Result "1/2-1/2"]
[WhiteElo "2622"]
[BlackElo "2569"]
[PlyCount "39"]
[EventDate "2011.09.23"]

1. e4 c6 2. d4 d5 3. exd5 cxd5 4. c4 Nf6 5. Nc3 e6 6. Nf3 Bb4 7. cxd5 Nxd5 8.
Qc2 Nc6 9. a3 Bd6 10. Bc4 Nce7 11. O-O Bd7 12. Ne4 Qc7 13. Bd2 O-O 14. Nxd6
Qxd6 15. Ng5 Ng6 16. Ne4 Qc6 17. Rac1 Nb6 18. Ba2 Qxc2 19. Rxc2 Bc6 20. f3
1/2-1/2

[Event "II Weekend A"]
[Site "Biella ITA"]
[Date "2011.09.25"]
[Round "5"]
[White "Solomon, Kenny"]
[Black "Vezzosi, Paolo"]
[Result "1-0"]
[WhiteElo "2426"]
[BlackElo "2351"]
[PlyCount "95"]
[EventDate "2011.09.23"]

1. d4 Nf6 2. Nf3 e6 3. c4 c5 4. d5 exd5 5. cxd5 b5 6. Bg5 d6 7. Nbd2 Be7 8. e4
O-O 9. Bf4 a6 10. a4 bxa4 11. Qxa4 Bd7 12. Qa5 Qxa5 13. Rxa5 Re8 14. Kd1 Bd8
15. Ra3 Nxe4 16. Nxe4 Rxe4 17. Bxd6 Bf6 18. b3 Bg4 19. Bxc5 Nd7 20. Be3 Ne5 21.
Be2 Rd8 22. Rxa6 Rxd5+ 23. Nd2 h6 24. h3 Be6 25. Kc2 Rb4 26. g4 Rd8 27. Rb1 g5
28. Rb6 Rc8+ 29. Kd1 Rxb6 30. Bxb6 Bd5 31. b4 Bg2 32. b5 Bxh3 33. f3 Nd7 34.
Be3 Be5 35. b6 Rd8 36. b7 f5 37. Rb5 fxg4 38. fxg4 Bg2 39. Bc4+ Kf8 40. Be6 Bb8
41. Kc2 Bc6 42. Rb1 Ke7 43. Bf5 Be5 44. Nc4 Ba4+ 45. Kc1 Bc7 46. Bd2 Ne5 47.
Rb6 Bd6 48. Rxd6 1-0

[Event "II Weekend A"]
[Site "Biella ITA"]
[Date "2011.09.25"]
[Round "5"]
[White "Stella, Luca"]
[Black "Zozulia, Anna"]
[Result "1/2-1/2"]
[WhiteElo "2103"]
[BlackElo "2377"]
[PlyCount "78"]
[EventDate "2011.09.23"]

1. e4 c5 2. Nf3 e6 3. d3 Nc6 4. g3 d5 5. Nbd2 Bd6 6. Bg2 Nge7 7. O-O O-O 8. Re1
Bc7 9. c3 a5 10. a4 b6 11. exd5 Nxd5 12. Nb3 Bb7 13. d4 cxd4 14. Nbxd4 Rc8 15.
Nxc6 Bxc6 16. Nd4 Ba8 17. Nb5 Bb8 18. Qe2 Bc6 19. Be3 Bxb5 20. Qxb5 Nxe3 21.
Rxe3 Bd6 22. Rd1 Qc7 23. Red3 Rfd8 24. Rd4 h6 25. Qa6 Bc5 26. Rxd8+ Rxd8 27.
Rxd8+ Qxd8 28. Qa8 Qxa8 29. Bxa8 f5 30. h3 Kf7 31. Kf1 e5 32. f3 Ke6 33. Ke2 h5
34. Bc6 Ke7 35. Bb5 g6 36. Bc6 Bd6 37. Bd5 Kf6 38. Kf2 g5 39. g4 Bc5+ 1/2-1/2

[Event "II Weekend A"]
[Site "Biella ITA"]
[Date "2011.09.25"]
[Round "5"]
[White "Valsecchi, Alessio"]
[Black "Meijers, Viesturs"]
[Result "0-1"]
[WhiteElo "2338"]
[BlackElo "2471"]
[PlyCount "86"]
[EventDate "2011.09.23"]

1. e4 c5 2. Nf3 e6 3. d3 a6 4. g3 b5 5. Bg2 Bb7 6. O-O Be7 7. Re1 d6 8. c3 Nf6
9. Nbd2 Nc6 10. d4 Rc8 11. e5 dxe5 12. dxe5 Nd7 13. Qe2 c4 14. b3 cxb3 15. axb3
O-O 16. Bb2 Nc5 17. Ne4 Nxe4 18. Qxe4 Qb6 19. Qf4 Rfd8 20. h4 Na5 21. Nd2 Bxg2
22. Kxg2 Rxd2 23. Qxd2 Qb7+ 24. Kg1 Nxb3 25. Qe2 Nxa1 26. Rxa1 h6 27. Ba3 Bxa3
28. Rxa3 b4 29. Qb2 a5 30. cxb4 axb4 31. Rb3 Rc4 32. Rd3 Qe4 33. Rd8+ Kh7 34.
Rd7 Qe1+ 35. Kg2 Rc1 36. Kf3 Qh1+ 37. Kf4 g5+ 38. hxg5 hxg5+ 39. Kxg5 Qh6+ 40.
Kg4 Qg6+ 41. Kf3 Qf5+ 42. Kg2 Qe4+ 43. f3 Rc2+ 0-1

[Event "II Weekend A"]
[Site "Biella ITA"]
[Date "2011.09.25"]
[Round "5"]
[White "Zunino, Davide"]
[Black "Bianco, Valerio"]
[Result "0-1"]
[WhiteElo "2001"]
[BlackElo "2176"]
[PlyCount "72"]
[EventDate "2011.09.23"]

1. d4 d5 2. Nc3 Nf6 3. e4 dxe4 4. f3 Bf5 5. fxe4 Nxe4 6. Qf3 Nd6 7. Bf4 e6 8.
O-O-O c6 9. g4 Bg6 10. Qe3 Be7 11. Nf3 Nd7 12. d5 Qb6 13. Qxb6 Nxb6 14. dxc6
O-O-O 15. cxb7+ Nxb7 16. Nb5 Rxd1+ 17. Kxd1 Rd8+ 18. Kc1 Nd6 19. Nxa7+ Kb7 20.
Nb5 Be4 21. Bxd6 Bxf3 22. Rg1 Bxd6 23. Bd3 Bf4+ 24. Kb1 Bc6 25. h4 Rxd3 26.
cxd3 Bxb5 27. Kc2 Nd5 28. a3 f6 29. b3 e5 30. g5 f5 31. a4 Bc6 32. Rb1 Be3 33.
Kb2 f4 34. Rf1 Bd4+ 35. Ka3 Bc5+ 36. Kb2 Ne3 0-1